Irish County Nicknames - Statistics

General Stats
  • This quiz has been taken 44 times
  • The average score is 17 of 32
Answer Stats
Hint Answer % Correct
Dubs Dublin
94%
Rebel Cork
86%
Kingdom Kerry
81%
Cats Kilkenny
78%
Red Hands Tyrone
78%
Banner Clare
72%
Rossies Roscommon
72%
Breffni Cavan
69%
Wee Louth
69%
Lillywhites Kildare
64%
Tribesmen Galway
61%
Westerners Mayo
61%
Orchard Armagh
56%
Mourne Down
56%
Royals Meath
56%
Tir Conaill Donegal
50%
Treaty Limerick
47%
Faithful Offaly
47%
Yeats Sligo
47%
Garden Wicklow
47%
Saffron Antrim
44%
Ernesiders Fermanagh
44%
Premier Tipperary
44%
Deise Waterford
44%
Oak Leaf Derry
42%
O'Moore Laois
39%
Yellowbellies Wexford
39%
Slashers Longford
31%
Lake Westmeath
31%
Dolmen Carlow
28%
Farney Monaghan
25%
Wild Rose Leitrim
22%
No matching quizzes found
Score Distribution
Percent of People with Each Score
Percentile by Number Answered
Your Score History
You have not taken this quiz